00405nam a2200133 a 450000500170000000800410001705000260005810000150008424500840009930000210018352100070020465000440021165000160025520140310183200.0021121s19uu xx 00 eng d aPN 1995.P7b.H42 1999 aHart, John aThe Art of storyboard :bstoryboarding for film, TV and animation /cJohn hart. a222 p. :c28 cm. aMA aMotion picturesxproduction & direction aStoryboards